000 00483nam a2200169Ia 4500
003 GCL
008 140319s9999 xx 000 0 eng d
040 _aGCL /
_cGCL
082 0 4 _a892.7
_bV
100 1 _aTRAINI, RENATO
245 1 0 _aI MANOSCRITTI ARABI DI RECENTE ACCESSIONE DELLA FONDAZIONE CAELANI /
_cTRAINI, RENATO
260 _a[S.N] :
_bACCADEMIA NAZIONALE DEI LINCEI ،
_c1967
300 _a147 P
650 0 4 _aMANUSCRIPTS
650 0 4 _aARABIC LANGUAGE
942 _2ddc
_cBK
999 _c12480
_d12480